| 000 | 00890nmm a2200265 a 4500 | ||
|---|---|---|---|
| 001 | ocm000668090 | ||
| 003 | TR-IsHL | ||
| 005 | 20201028140048.0 | ||
| 008 | 131212s2009 tu tur | ||
| 007 | cr cn | ||
| 035 |
_a668090 _b(N$T) |
||
| 050 | 0 | 4 |
_aPG3367.T9 _bİ85 2009 |
| 090 | 0 | 4 |
_aPG3367.T9 _bİ85 2009 |
| 100 | 1 | _aTolstoy, Lev Nikolayeviç | |
| 245 | 1 | 0 |
_aİtiraflarım _h[electronic resource] / _cLev Nikolayeviç Tolstoy ; ed. Erdal Çakıcıoğlu |
| 260 |
_aİstanbul : _bAkvaryum Yayınları, _c2009 |
||
| 300 | _a96 p. | ||
| 650 | 4 | _aDil ve Edebiyat | |
| 650 | 4 | _aLanguage and Literature | |
| 650 | 0 | _aRus romanı | |
| 650 | 0 | _aRussian fiction | |
| 650 | 7 |
_aLITERARY COLLECTIONS / Russian & Former Soviet Union _2bisacsh |
|
| 700 | 1 | _aÇakıcıoğlu, Erdal | |
| 856 | 4 | 0 | _uhttp://search.ebscohost.com/login.aspx?direct=true&scope=site&db=e011xww&AN=668090 |
| 999 |
_c7083 _d7083 |
||